| 000 | 01087 a2200241 4500 | ||
|---|---|---|---|
| 001 | 21548 | ||
| 005 | 20260407155505.0 | ||
| 008 | 260407a2009 arg spa d | ||
| 003 | AR-UNSa-BCEJYS | ||
| 040 |
_aAR-UNSa-BCEJYS _bspa _cAR-UNSa-BCEJYS |
||
| 080 |
_a657.312 _xTipo de presupuestos |
||
| 245 | 1 | 0 | _aPresupuesto y gestión |
| 020 | _a978-987-03-0877-5 | ||
| 264 | 1 |
_aBuenos Aires : _bLa Ley _c2009 |
|
| 300 |
_axvii, 478 p. _c24 cm. |
||
| 505 | _a1. Por que es necesario operar con presupuesto - 2. Planeamiento y presupuesto - 3. El presupuesto de ventas - 4. Planes de producción y de compras - 5. Costos - 6. El presupuesto económico - 7. El presupuesto financiero - 8. Conceptos generales sobre presupuesto - 9. Control presupuestario - 10. Caso práctico integral - 11. La empresa | ||
| 942 | _cBK | ||
| 590 | _aniveau_biblio:m niveau_hierar:0 | ||
| 100 | 1 | _aLavolpe, Antonio | |
| 700 | 1 | _aCapasso, Carmelo Mario | |
| 700 | 1 | _aSmolje, Alejandro R. | |
| 856 | 4 | 1 |
_uhttps://biblioeco.unsa.edu.ar/pmb/images/libros/Presupuestos y Gestion3.jpg _yImagen de portada _qimage/jpeg |
| 999 |
_c814 _d814 |
||